000 00293nam a22001217a 4500
008 160518b xxu||||| |||| 00| 0 eng d
020 _a9780683079227
020 _a0683079220
041 _aeng
080 _a61
245 _aStedmans medical dictionry:
_cIllustrated in Color;
942 _2udc
_cBK
999 _c2201
_d2201